Regionální Evropská služba elektronického mýtného

Interoperabilita elektronických mýtnych systémov. Píprava Českej republiky na Európsku službu elektronického mýtneho. Projekt REETS a financovanie z Európskej únie. Faktory úspechu Európskej služby elektronického mýtneho.

Enregistré dans:
Détails bibliographiques
Auteur principal: Borovec, Tomáš
Format: Chapitre de livre
Langue:tchèque
Sujets:
Tags: Ajouter un tag
Pas de tags, Soyez le premier à ajouter un tag!

MARC

LEADER 00000naa a2200000 4500
001 0181442
005 20231211080057.3
041 0 |a cze 
044 |a CZ 
245 1 0 |a Regionální Evropská služba elektronického mýtného  |c Tomáš Borovec 
520 |a Interoperabilita elektronických mýtnych systémov. Píprava Českej republiky na Európsku službu elektronického mýtneho. Projekt REETS a financovanie z Európskej únie. Faktory úspechu Európskej služby elektronického mýtneho. 
610 2 0 |a doprava cestná 
610 2 0 |a doprava cestná nákladná 
610 2 0 |a poplatky 
610 2 0 |a technológie informačné 
610 2 0 |a technológie komunikačné 
610 2 0 |a spolupráca medzinárodná 
610 2 0 |a Česko 
610 2 0 |a Európska únia 
100 1 |a Borovec, Tomáš